000 01414nam a2200349 a 4500
001 ebr10713578
003 CaPaEBR
006 m o u
007 cr cn|||||||||
008 130131s2013 njua sb 001 0 eng d
010 _z 2013002822
020 _z9781118340479 (cloth)
020 _z9781118431931 (e-book)
040 _aCaPaEBR
_cCaPaEBR
035 _a(OCoLC)849917186
050 1 4 _aHD30.2
_b.M84947 2013eb
082 0 4 _a658.4/038
_223
100 1 _aMuller, Hunter,
_d1960-
245 1 0 _aLeading the epic revolution
_h[electronic resource] :
_bhow CIOs drive innovation and create value across the enterprise /
_cHunter Muller.
260 _aHoboken, N.J. :
_bJohn Wiley & Sons, Inc.,
_c2013.
300 _axxviii, 306 p. :
_bill.
490 0 _aCIO series
504 _aIncludes bibliographical references and index.
533 _aElectronic reproduction.
_bPalo Alto, Calif. :
_cebrary,
_d2013.
_nAvailable via World Wide Web.
_nAccess may be limited to ebrary affiliated libraries.
650 0 _aInformation technology
_xManagement.
650 0 _aTechnological innovations
_xManagement.
650 0 _aDiffusion of innovations
_xManagement.
650 0 _aChief information officers.
655 7 _aElectronic books.
_2local
710 2 _aebrary, Inc.
856 4 0 _uhttp://site.ebrary.com/lib/rucke/Doc?id=10713578
_zAn electronic book accessible through the World Wide Web; click to view
999 _c15603
_d15603